[Event "DEN-ch G7 Gr1"]
[Site "Svendborg"]
[Date "2023.04.05"]
[Round "2"]
[White "Gregor, Bjarke"]
[Black "Husted, Peter"]
[Result "1-0"]
[WhiteElo "2095"]
[BlackElo "2086"]
[PlyCount "57"]
[EventDate "2023.04.05"]
[EventType "swiss"]
[EventRounds "7"]
[EventCountry "DEN"]
[SourceTitle "CBM 213 Extra"]
[Source "ChessBase"]
[SourceDate "2023.05.31"]
[SourceVersion "1"]
[SourceVersionDate "2023.05.31"]
[SourceQuality "1"]

1. e4 c6 2. d4 d5 3. Nd2 dxe4 4. Nxe4 Nf6 5. Nxf6+ exf6 6. c3 Bd6 7. Bd3 0-0 8. Qc2 Re8+ 9. Ne2 h5 10. Bd2 Nd7 11. 0-0-0 Nf8 12. Kb1 Be6 13. f4 f5 14. c4 Ng6 15. g3 Ne7 16. Bc3 Qb8 17. h3 b5 18. d5 cxd5 19. cxb5 Rc8 20. Qa4 Bc5 21. g4 h4 22. Nd4 g6 23. gxf5 Nxf5 24. Bxf5 gxf5 25. Rhg1+ Kh7 26. Nc6 Qb7 27. Rg7+ Kh6 28. Qc2 d4 29. Qg2 1-0

[Event "EU-Cup 25th"]
[Site "Ohrid"]
[Date "2009.10.08"]
[Round "5.6"]
[White "Bozinovic, Boban"]
[Black "Husted, Peter"]
[Result "1-0"]
[WhiteElo "2104"]
[BlackElo "2153"]
[PlyCount "63"]
[EventDate "2009.10.04"]
[EventType "team-swiss"]
[EventRounds "7"]
[EventCountry "MKD"]
[SourceTitle "CBM 133"]
[Source "ChessBase"]
[SourceDate "2009.11.19"]
[SourceVersion "1"]
[SourceVersionDate "2009.11.19"]
[SourceQuality "1"]
[WhiteTeam "Pamhagen"]
[BlackTeam "Aarhus/Skolerne"]
[WhiteTeamCountry "AUT"]
[BlackTeamCountry "DEN"]

1. Nf3 d5 2. d4 Nf6 3. e3 e6 4. c4 Be7 5. Nc3 0-0 6. Bd3 b6 7. 0-0 Bb7 8. cxd5 exd5 9. Qc2 Nbd7 10. Ne5 a6 11. Bd2 Bd6 12. f4 Re8 13. Rf3 Nf8 14. Raf1 c5 15. Rg3 Rc8 16. Qd1 Rc7 17. Qf3 Ne6 18. Ne2 Ne4 19. Bxe4 dxe4 20. Qg4 f6 21. Nc4 Bf8 22. f5 Ng5 23. h4 Nf7 24. Nf4 cxd4 25. Ne6 Rxe6 26. fxe6 Nh6 27. Qf4 Rxc4 28. Qxh6 Qd6 29. Qxf6 Rc7 30. a3 a5 31. exd4 h6 32. Bf4 1-0

[Event "EU-Cup 25th"]
[Site "Ohrid"]
[Date "2009.10.04"]
[Round "1.5"]
[White "Husted, Peter"]
[Black "Maros, Milan"]
[Result "0-1"]
[WhiteElo "2153"]
[BlackElo "2330"]
[PlyCount "68"]
[EventDate "2009.10.04"]
[EventType "team-swiss"]
[EventRounds "7"]
[EventCountry "MKD"]
[SourceTitle "CBM 133"]
[Source "ChessBase"]
[SourceDate "2009.11.19"]
[SourceVersion "1"]
[SourceVersionDate "2009.11.19"]
[SourceQuality "1"]
[WhiteTeam "Aarhus/Skolerne"]
[BlackTeam "Wien Husek"]
[WhiteTeamCountry "DEN"]
[BlackTeamCountry "AUT"]

1. e4 e6 2. d4 d5 3. e5 c5 4. c3 Qb6 5. Nf3 Bd7 6. Be2 cxd4 7. cxd4 Bb5 8. Nc3 Bxe2 9. Qxe2 Nc6 10. 0-0 Nge7 11. Be3 Nf5 12. Rfd1 Be7 13. a3 Na5 14. Nd2 Rc8 15. Qd3 Nxe3 16. fxe3 0-0 17. Rab1 Rc6 18. Na4 Qc7 19. b4 Nc4 20. Nf3 Ra6 21. Nc5 Rxa3 22. Rb3 Nb2 23. Rxb2 Rxd3 24. Nxd3 Rc8 25. Kf2 h6 26. Ke2 Qd7 27. Ra1 a6 28. Nd2 f6 29. Nf3 fxe5 30. dxe5 Qe8 31. Nd4 Qh5+ 32. Nf3 Qg4 33. Kf2 Qe4 34. Rd1 Rc3 0-1

[Event "North Sea Cup 23th"]
[Site "Esbjerg"]
[Date "2008.07.15"]
[Round "7"]
[White "Husted, Peter"]
[Black "Vul, Arkadi Eremeevich"]
[Result "0-1"]
[WhiteElo "2149"]
[BlackElo "2332"]
[PlyCount "68"]
[EventDate "2008.07.11"]
[EventType "swiss"]
[EventRounds "10"]
[EventCountry "DEN"]
[SourceTitle "CBM 125 Extra"]
[Source "ChessBase"]
[SourceDate "2008.09.01"]
[SourceVersion "1"]
[SourceVersionDate "2008.09.01"]
[SourceQuality "1"]

1. d4 d5 2. Bf4 Nf6 3. e3 e6 4. Nf3 Be7 5. h3 0-0 6. Nbd2 b6 7. Bd3 Bb7 8. 0-0 Nbd7 9. Ne5 c5 10. c3 Ne4 11. Nxd7 Qxd7 12. Qc2 Nxd2 13. Qxd2 a5 14. Qe2 c4 15. Bc2 b5 16. e4 dxe4 17. Bxe4 Bxe4 18. Qxe4 Qd5 19. Rfe1 Qxe4 20. Rxe4 Rfd8 21. a3 Kf8 22. a4 b4 23. Bg3 Rd5 24. Re5 Rad8 25. Rc1 Bd6 26. Rxd5 exd5 27. Bxd6+ Rxd6 28. Re1 f6 29. cxb4 axb4 30. Kf1 Ra6 31. Ra1 Ke7 32. f3 Kd7 33. Ke2 Re6+ 34. Kd2 Kc6 0-1

[Event "North Sea Cup 23th"]
[Site "Esbjerg"]
[Date "2008.07.14"]
[Round "6"]
[White "Jensen, Torben Richard"]
[Black "Husted, Peter"]
[Result "0-1"]
[WhiteElo "1968"]
[BlackElo "2149"]
[PlyCount "76"]
[EventDate "2008.07.11"]
[EventType "swiss"]
[EventRounds "10"]
[EventCountry "DEN"]
[SourceTitle "CBM 125 Extra"]
[Source "ChessBase"]
[SourceDate "2008.09.01"]
[SourceVersion "1"]
[SourceVersionDate "2008.09.01"]
[SourceQuality "1"]

1. c4 c6 2. g3 d5 3. Bg2 Nf6 4. Nf3 Bg4 5. Ne5 Bf5 6. cxd5 cxd5 7. Nc3 Nbd7 8. Qa4 e6 9. g4 Bc2 10. b3 Bd6 11. Nxd7 Nxd7 12. d3 a6 13. Nxd5 exd5 14. Bxd5 0-0 15. Be3 b5 16. Qd4 Be5 17. Qb4 Rc8 18. 0-0 Qh4 19. Rfc1 Qxh2+ 20. Kf1 Bxa1 21. Rxa1 Qe5 22. Qd4 Qxd4 23. Bxd4 Nc5 24. Bxc5 Rxc5 25. Bb7 a5 26. Ke1 a4 27. Rc1 axb3 28. axb3 Rb8 29. Be4 g6 30. Kd2 Rbc8 31. Bb7 R8c7 32. b4 Rc3 33. Ba6 Ra3 34. Bxb5 Ra2 35. Ke1 Rb2 36. Ba6 Rxb4 37. Kd2 Rb2 38. Bc4 Ba4+ 0-1

[Event "Hastings Masters op 81st"]
[Site "Hastings"]
[Date "2006.01.06"]
[Round "10"]
[White "Grover, Sahaj"]
[Black "Husted, Peter"]
[Result "1/2-1/2"]
[WhiteElo "1997"]
[BlackElo "2127"]
[PlyCount "105"]
[EventDate "2005.12.28"]
[EventType "swiss"]
[EventRounds "10"]
[EventCountry "ENG"]
[SourceTitle "CBM 110 Extra"]
[Source "ChessBase"]
[SourceDate "2006.03.10"]
[SourceVersion "2"]
[SourceVersionDate "2006.03.10"]
[SourceQuality "1"]

1. e4 e6 2. d4 d5 3. Nc3 Nf6 4. Bg5 dxe4 5. Nxe4 Be7 6. Bxf6 Bxf6 7. Nf3 Bd7 8. Bd3 Bc6 9. c3 Bxe4 10. Bxe4 c6 11. Ne5 Bxe5 12. dxe5 Qg5 13. Qd4 Nd7 14. Rd1 Rd8 15. Qxa7 Qxe5 16. Qd4 f5 17. Qxe5 Nxe5 18. Bc2 Rxd1+ 19. Kxd1 Kf7 20. Re1 Kf6 21. Ke2 Rd8 22. Rd1 Rxd1 23. Bxd1 g5 24. b4 Nc4 25. Bb3 Nd6 26. c4 Ke5 27. Ke3 f4+ 28. Kd3 Ne4 29. f3 Nd6 30. a4 Nf5 31. a5 Nd6 32. Kc3 Nc8 33. Bc2 h6 34. Be4 Na7 35. Kd3 Kd6 36. Kd4 e5+ 37. Kc3 Nc8 38. Kb3 Kc7 39. c5 Ne7 40. Kc4 Ng8 41. Bf5 Nf6 42. Be6 Kb8 43. b5 cxb5+ 44. Kxb5 Kc7 45. Bf7 e4 46. fxe4 Nxe4 47. Bg6 Nf6 48. h3 h5 49. Bd3 g4 50. hxg4 hxg4 51. Be2 f3 52. Bxf3 gxf3 53. gxf3 1/2-1/2

[Event "Hastings Masters op 81st"]
[Site "Hastings"]
[Date "2005.12.30"]
[Round "3"]
[White "Husted, Peter"]
[Black "Ashton, Adam"]
[Result "1/2-1/2"]
[WhiteElo "2127"]
[BlackElo "2331"]
[PlyCount "118"]
[EventDate "2005.12.28"]
[EventType "swiss"]
[EventRounds "10"]
[EventCountry "ENG"]
[SourceTitle "CBM 110 Extra"]
[Source "ChessBase"]
[SourceDate "2006.03.10"]
[SourceVersion "2"]
[SourceVersionDate "2006.03.10"]
[SourceQuality "1"]

1. e4 e5 2. Nf3 Nc6 3. Bb5 a6 4. Ba4 Nf6 5. 0-0 Bc5 6. c3 b5 7. Bc2 d6 8. d4 Bb6 9. a4 Bg4 10. d5 Ne7 11. axb5 axb5 12. Rxa8 Qxa8 13. Na3 Ng6 14. h3 Bd7 15. Re1 0-0 16. Bd3 Rb8 17. Nc2 c6 18. dxc6 Bxc6 19. Qe2 Nh5 20. Nb4 Nhf4 21. Qc2 Bd7 22. Bf1 Bc5 23. Be3 Bxb4 24. cxb4 Bc6 25. Nd2 Rc8 26. Qd1 d5 27. exd5 Bxd5 28. f3 Ne6 29. Nb1 Bc4 30. Nc3 Qb7 31. Ne4 Rd8 32. Qc2 Nd4 33. Qf2 Bxf1 34. Rxf1 Qe7 35. Nc5 Nc6 36. Qe2 Nxb4 37. Qxb5 Nd5 38. Bf2 Ngf4 39. Kh2 Qg5 40. Rg1 Nf6 41. g3 Ng6 42. Ne4 Nxe4 43. fxe4 h5 44. h4 Qg4 45. Qb4 Rd3 46. Rg2 Qf3 47. Qc4 Kh7 48. Be1 Rd4 49. Qe2 Qxe4 50. Qxh5+ Kg8 51. Bc3 Rd3 52. Re2 Re3 53. Rxe3 Qxe3 54. Qg4 Qf2+ 55. Kh1 Ne7 56. Qd1 Nf5 57. Bxe5 Ne3 58. Qd8+ Kh7 59. Qd3+ f5 1/2-1/2

[Event "Dieren op"]
[Site "Dieren"]
[Date "2003.07.25"]
[Round "4"]
[White "Husted, Peter"]
[Black "Schmitz, Manuela"]
[Result "1/2-1/2"]
[WhiteElo "2198"]
[BlackElo "2094"]
[PlyCount "72"]
[EventDate "2003.07.22"]
[EventType "swiss"]
[EventRounds "9"]
[EventCountry "NED"]
[SourceTitle "CBM 095 Extra"]
[Source "ChessBase"]
[SourceDate "2003.09.04"]
[SourceVersion "1"]
[SourceVersionDate "2003.09.04"]
[SourceQuality "1"]

1. e4 e6 2. d4 d5 3. Nd2 Nf6 4. e5 Nfd7 5. Bd3 c5 6. c3 Nc6 7. Ne2 cxd4 8. cxd4 Qb6 9. Nf3 f6 10. exf6 Nxf6 11. 0-0 Bd6 12. Nc3 0-0 13. Be3 Bd7 14. Ne5 Bxe5 15. dxe5 Qxb2 16. exf6 Qxc3 17. fxg7 Qxg7 18. Qd2 Ne5 19. Be2 Nf3+ 20. Bxf3 Rxf3 21. Kh1 Rf5 22. f4 Rh5 23. Kg1 Bb5 24. Bd4 Qh6 25. Rf3 Be8 26. Rc1 e5 27. g4 Rh4 28. Bxe5 Rxg4+ 29. Rg3 Rxg3+ 30. hxg3 Bc6 31. Qd4 Qg6 32. Kf2 a6 33. g4 Qe4 34. Re1 Qxd4+ 35. Bxd4 Re8 36. Rxe8+ Bxe8 1/2-1/2

[Event "DEN-chT 0203"]
[Site "Denmark"]
[Date "2003.02.02"]
[Round "5.6"]
[White "Petersen, Tom Petri"]
[Black "Husted, Peter"]
[Result "1/2-1/2"]
[WhiteElo "2109"]
[BlackElo "2184"]
[PlyCount "74"]
[EventDate "2002.11.06"]
[EventType "team"]
[EventRounds "7"]
[EventCountry "DEN"]
[SourceTitle "EXT 2006"]
[Source "ChessBase"]
[SourceDate "2005.11.24"]
[SourceVersion "1"]
[SourceVersionDate "2005.11.24"]
[SourceQuality "1"]

1. g3 d5 2. Bg2 c6 3. d3 e5 4. Nf3 Nd7 5. 0-0 Ngf6 6. b3 Bd6 7. Nbd2 0-0 8. e4 Re8 9. Re1 Nf8 10. Bb2 Ng6 11. c3 a5 12. Qc2 dxe4 13. dxe4 Bc5 14. h3 h5 15. Nf1 h4 16. Kh2 Nh7 17. Rad1 Qb6 18. Re2 Be6 19. Bc1 hxg3+ 20. fxg3 Rad8 21. Rxd8 Rxd8 22. Be3 Rd7 23. Bxc5 Qxc5 24. Ne3 f6 25. h4 Ne7 26. Bh3 Bxh3 27. Kxh3 Qd6 28. Rd2 Qe6+ 29. Kg2 b6 30. Nc4 Nc8 31. Qd1 Nf8 32. Kf2 Rxd2+ 33. Qxd2 Nd7 34. Kg2 Kf7 35. Qe3 a4 36. Nfd2 axb3 37. axb3 Ke7 1/2-1/2

[Event "DEN-chT 0203"]
[Site "Denmark"]
[Date "2002.11.17"]
[Round "2.3"]
[White "Husted, Peter"]
[Black "Lund, Silas Esben"]
[Result "0-1"]
[WhiteElo "2184"]
[BlackElo "2329"]
[PlyCount "156"]
[EventDate "2002.11.06"]
[EventType "team"]
[EventRounds "7"]
[EventCountry "DEN"]
[SourceTitle "EXT 2006"]
[Source "ChessBase"]
[SourceDate "2005.11.24"]
[SourceVersion "1"]
[SourceVersionDate "2005.11.24"]
[SourceQuality "1"]

1. d4 d5 2. Nf3 e6 3. Bf4 Bd6 4. Bg3 Nf6 5. e3 Nbd7 6. c4 0-0 7. Nc3 Bxg3 8. hxg3 c5 9. Bd3 dxc4 10. Bxc4 cxd4 11. exd4 Qa5 12. Qc2 e5 13. 0-0-0 exd4 14. Rxd4 Nb6 15. Bd3 h6 16. Re1 Be6 17. Re5 Nbd5 18. Bc4 Rfd8 19. Qd2 Qc7 20. Bxd5 Bxd5 21. Rexd5 Nxd5 22. Rxd5 Rxd5 23. Qxd5 Rd8 24. Qf5 Rd6 25. Kb1 Qc4 26. a3 Qf1+ 27. Ka2 Qc4+ 28. Ka1 Qf1+ 29. Qb1 Qxg2 30. Nh4 Qc6 31. Nf5 Rd7 32. Qe1 Qe6 33. Qxe6 fxe6 34. Ne3 g5 35. g4 Rf7 36. Ncd1 Rd7 37. Kb1 Rd2 38. Kc1 Re2 39. Nf1 Kf7 40. Ng3 Re5 41. Nc3 Rc5 42. Kd2 Ke7 43. Nge4 Rc8 44. Ke3 Rc6 45. Kd4 Rc8 46. a4 Rf8 47. Ke3 Rc8 48. Kd3 Rd8+ 49. Ke3 Rc8 50. b3 Rc6 51. Kd3 Rb6 52. Nb5 e5 53. Nec3 Ke6 54. a5 Rc6 55. Ne4 a6 56. Nbc3 Rc7 57. Na4 Rd7+ 58. Kc3 Rf7 59. Kd3 Kd5 60. Nb6+ Kc6 61. Ke3 Rf8 62. Nc4 Kb5 63. Nxe5 Kxa5 64. Nd7 Rf4 65. f3 Kb4 66. Ndc5 Rf7 67. Ke2 a5 68. Nd6 Re7+ 69. Nce4 b5 70. Kd3 a4 71. bxa4 bxa4 72. Kc2 Rc7+ 73. Kb1 Rc6 74. Nf5 a3 75. Nd4 Rc4 76. Nc2+ Ka4 77. Nd2 a2+ 78. Kb2 Rxc2+ 0-1

[Event "Olomouc Inline Czechia Cup"]
[Site "Olomouc"]
[Date "2001.08.07"]
[Round "9"]
[White "Husted, Peter"]
[Black "Kasparov, Sergey"]
[Result "0-1"]
[WhiteElo "2171"]
[BlackElo "2494"]
[PlyCount "50"]
[EventDate "2001.08.02"]
[EventType "tourn"]
[EventRounds "11"]
[EventCountry "CZE"]
[EventCategory "3"]
[SourceTitle "CBM 083 Extra"]
[Source "ChessBase"]
[SourceDate "2001.09.11"]
[SourceVersion "1"]
[SourceVersionDate "2001.09.11"]
[SourceQuality "1"]

1. d4 Nf6 2. c3 d5 3. Bf4 Nh5 4. Bg5 g6 5. e3 Bg7 6. Bd3 Nd7 7. Nf3 c5 8. Nbd2 Qc7 9. Rb1 a6 10. b4 c4 11. Be2 b5 12. g4 Nhf6 13. Bf4 Qb6 14. Ne5 Ne4 15. Qc2 Nxd2 16. Qxd2 0-0 17. Bf3 Nf6 18. g5 Ne4 19. Bxe4 dxe4 20. h3 Bf5 21. Kf1 Qe6 22. Ng4 Bxg4 23. hxg4 Qxg4 24. Qe2 Qf5 25. Rh4 e5 0-1

[Event "Olomouc Inline Czechia Cup"]
[Site "Olomouc"]
[Date "2001.08.05"]
[Round "6"]
[White "Plasgura, Petr"]
[Black "Husted, Peter"]
[Result "1/2-1/2"]
[WhiteElo "2234"]
[BlackElo "2171"]
[PlyCount "95"]
[EventDate "2001.08.02"]
[EventType "tourn"]
[EventRounds "11"]
[EventCountry "CZE"]
[EventCategory "3"]
[SourceTitle "CBM 083 Extra"]
[Source "ChessBase"]
[SourceDate "2001.09.11"]
[SourceVersion "1"]
[SourceVersionDate "2001.09.11"]
[SourceQuality "1"]

1. e4 d5 2. exd5 Qxd5 3. Nc3 Qa5 4. d4 Nf6 5. h3 c6 6. Nf3 Bf5 7. Bc4 e6 8. Bd2 Bb4 9. 0-0 Nbd7 10. Nh4 Bg6 11. Qe2 0-0-0 12. a3 Bxc3 13. bxc3 Bxc2 14. Ra2 Be4 15. Nf3 Bd5 16. Rb2 Bxc4 17. Qxc4 Nb6 18. Qe2 Rhe8 19. Rfb1 Re7 20. c4 Qa4 21. Rb4 Qc2 22. Qe5 Qf5 23. Qe3 Rdd7 24. Qb3 Ne4 25. c5 Nd5 26. Ra4 Nxd2 27. Nxd2 Kb8 28. Ra6 Nf4 29. Rxc6 Ne2+ 30. Kh1 Nxd4 31. Qg3+ e5 32. Rd6 f6 33. Rb2 Rxd6 34. cxd6 Rd7 35. Nc4 g5 36. Qc3 Qe6 37. Qb4 Qd5 38. Na5 Nc6 39. Nxc6+ Qxc6 40. Rd2 h5 41. Rd1 b6 42. Qd2 Qc5 43. Qd3 Kb7 44. a4 a5 45. Qf3+ Qc6 46. Qxf6 Qxa4 47. Rd5 Qf4 48. Qe6 1/2-1/2

[Event "DEN-chT 0001 playoff"]
[Site "Denmark"]
[Date "2001.05.19"]
[Round "?"]
[White "Husted, Peter"]
[Black "Johansen, Morten"]
[Result "1/2-1/2"]
[WhiteElo "2176"]
[BlackElo "2272"]
[PlyCount "125"]
[EventDate "2001.05.19"]
[EventType "team-match"]
[EventRounds "1"]
[EventCountry "DEN"]
[SourceTitle "EXT 2014"]
[Source "ChessBase"]
[SourceDate "2013.11.20"]
[SourceVersion "1"]
[SourceVersionDate "2013.11.20"]
[SourceQuality "1"]

1. e4 d5 2. exd5 Qxd5 3. Nc3 Qa5 4. d4 Nf6 5. Bc4 Bg4 6. Nf3 Nc6 7. Bb5 0-0-0 8. Bxc6 bxc6 9. Bd2 Qf5 10. Qe2 Bxf3 11. gxf3 Kb7 12. 0-0-0 e6 13. Rhg1 h6 14. Be3 g6 15. Rd3 Ka8 16. Bd2 Bd6 17. Ne4 Nd5 18. Rb3 Rb8 19. Qa6 Rxb3 20. axb3 Ne7 21. Be3 Qb5 22. Qxb5 cxb5 23. h3 Nf5 24. c4 Nh4 25. Nd2 a6 26. Rg4 Nf5 27. Kc2 Kb7 28. Kd3 Rc8 29. c5 Be7 30. b4 Kc6 31. Re4 Bf6 32. Nb3 Bg7 33. Bf4 Ne7 34. Be5 Bxe5 35. dxe5 Nf5 36. Nd4+ Nxd4 37. Rxd4 Ra8 38. Ke4 a5 39. bxa5 Rxa5 40. b4 Ra2 41. Ke3 Ra3+ 42. Ke2 g5 43. h4 Rb3 44. hxg5 hxg5 45. f4 Rb2+ 46. Kf3 gxf4 47. Rxf4 Kd5 48. Rxf7 Kxe5 49. Rxc7 Rxb4 50. Rc6 Rc4 51. Ke3 b4 52. Kd3 Rd4+ 53. Ke3 Rc4 54. Kd3 Rc3+ 55. Kd2 Kd5 56. Rd6+ Kxc5 57. Rxe6 Rf3 58. Re2 Kd4 59. Kc2 b3+ 60. Kb2 Kd3 61. Re3+ Rxe3 62. fxe3 Kxe3 63. Kxb3 1/2-1/2

[Event "DEN-chT 0001"]
[Site "Denmark"]
[Date "2001.01.14"]
[Round "4"]
[White "Matthiesen, Martin"]
[Black "Husted, Peter"]
[Result "1-0"]
[WhiteElo "2323"]
[BlackElo "2176"]
[PlyCount "31"]
[EventDate "2000.??.??"]
[EventType "team"]
[EventRounds "7"]
[EventCountry "DEN"]
[SourceTitle "EXT 2002"]
[Source "ChessBase"]
[SourceDate "2001.11.25"]
[SourceVersion "1"]
[SourceVersionDate "2001.11.25"]
[SourceQuality "1"]
[WhiteTeam "Copenhagen 68"]
[BlackTeam "Aarhus"]
[WhiteTeamCountry "DEN"]
[BlackTeamCountry "DEN"]

1. d4 d5 2. c4 c6 3. Nf3 Nf6 4. Nc3 dxc4 5. a4 Bg4 6. Ne5 Bh5 7. f3 Nfd7 8. Nxc4 e5 9. e4 Qh4+ 10. g3 Qf6 11. dxe5 Qxf3 12. Nd6+ Bxd6 13. Qxd6 f6 14. Rg1 fxe5 15. Bg5 Qf7 16. Bc4 1-0

[Event "DEN-chT 9900"]
[Site "Denmark"]
[Date "2000.01.16"]
[Round "4.4"]
[White "Husted, Peter"]
[Black "Rewitz, Poul"]
[Result "1/2-1/2"]
[WhiteElo "2187"]
[BlackElo "2340"]
[PlyCount "70"]
[EventDate "1999.11.07"]
[EventType "team-tourn"]
[EventRounds "7"]
[EventCountry "DEN"]
[SourceTitle "EXT 2023"]
[Source "ChessBase"]
[SourceDate "2022.10.05"]
[SourceVersion "1"]
[SourceVersionDate "2022.10.05"]
[SourceQuality "1"]
[WhiteTeam "Aarhus"]
[BlackTeam "Skolerne"]
[WhiteTeamCountry "DEN"]
[BlackTeamCountry "DEN"]

1. e4 d5 2. exd5 Nf6 3. d4 Nxd5 4. Nf3 Bg4 5. Be2 e6 6. h3 Bh5 7. 0-0 Nc6 8. c3 Bd6 9. a4 0-0 10. Na3 Qf6 11. Nc4 Nf4 12. Bxf4 Bxf4 13. Re1 Rfd8 14. Qb3 Rab8 15. Nfe5 Bxe2 16. Rxe2 Nxe5 17. Nxe5 h5 18. Rae1 Qf5 19. Qc4 Rbc8 20. b4 c6 21. a5 a6 22. Nd3 Bd6 23. Ne5 g6 24. Re3 Rc7 25. Qa2 Kg7 26. Rf3 Qg5 27. Qc2 Qh6 28. h4 Bxe5 29. Rxe5 Rd5 30. Rfe3 Rcd7 31. g3 Qh8 32. f4 Qd8 33. Qe2 Qf6 34. Kg2 Qd8 35. R5e4 Qf6 1/2-1/2

[Event "DEN-ch cand"]
[Site "Taastrup"]
[Date "1998.??.??"]
[Round "5"]
[White "Husted, Peter"]
[Black "Bromann, Thorbjorn"]
[Result "0-1"]
[WhiteElo "2160"]
[BlackElo "2245"]
[PlyCount "176"]
[EventDate "1998.??.??"]
[EventType "swiss"]
[EventRounds "7"]
[EventCountry "DEN"]
[SourceTitle "EXT 2000"]
[Source "ChessBase"]
[SourceDate "1999.11.16"]
[SourceVersion "1"]
[SourceVersionDate "1999.11.16"]
[SourceQuality "1"]

1. e4 e6 2. d4 d5 3. Nd2 dxe4 4. Nxe4 Nd7 5. Nf3 Ngf6 6. Nxf6+ Nxf6 7. Bg5 h6 8. Bh4 Be7 9. Bd3 b6 10. Qe2 Bb7 11. 0-0-0 Qd5 12. Kb1 Qh5 13. Bxf6 Bxf6 14. Be4 Bxe4 15. Qxe4 Qd5 16. Qxd5 exd5 17. c3 Kd7 18. Kc2 Kd6 19. Rhe1 Rhe8 20. Kd3 c5 21. b3 Re6 22. Rxe6+ fxe6 23. Re1 Rf8 24. Re3 a5 25. a4 Rc8 26. Re1 Re8 27. h3 Kc6 28. Ne5+ Bxe5 29. Rxe5 Kd6 30. f4 Rf8 31. Ke3 cxd4+ 32. cxd4 b5 33. axb5 Rb8 34. Kd3 Rxb5 35. Kc3 Rb7 36. h4 Rf7 37. g3 g6 38. Re1 Rc7+ 39. Kb2 Ra7 40. Ra1 Kc6 41. Rc1+ Kd7 42. Ra1 Kc6 43. Ka3 Rb7 44. Rc1+ Kd6 45. Rc8 Ke7 46. Rh8 Kf6 47. Rf8+ Kg7 48. Ra8 Rb4 49. Rxa5 Rxd4 50. b4 g5 51. b5 gxh4 52. b6 Rd1 53. Kb2 hxg3 54. Ra3 Rd2+ 55. Kc1 Rd4 56. Rxg3+ Kh7 57. Rb3 Rc4+ 58. Kd2 Rc8 59. b7 Rb8 60. Rb6 Kg7 61. Ke3 Kf6 62. Kd4 Kf5 63. Kc5 h5 64. Kd6 Kxf4 65. Kc7 Re8 66. b8Q Rxb8 67. Rxb8 d4 68. Kc6 d3 69. Kc5 d2 70. Rd8 Ke3 71. Rd6 e5 72. Rd5 e4 73. Rd4 h4 74. Kd5 h3 75. Rxe4+ Kd3 76. Rd4+ Kc3 77. Rc4+ Kb3 78. Rd4 h2 79. Rxd2 h1Q+ 80. Kd4 Qh4+ 81. Kd3 Qc4+ 82. Ke3 Kc3 83. Rg2 Qe6+ 84. Kf4 Kd3 85. Rg3+ Kd4 86. Rg5 Qf6+ 87. Rf5 Qh4+ 88. Kf3 Qe4+ 0-1

[Event "DEN-ch cand"]
[Site "Taastrup"]
[Date "1998.??.??"]
[Round "7"]
[White "Pedersen, Daniel Vesterbaek"]
[Black "Husted, Peter"]
[Result "1-0"]
[WhiteElo "2250"]
[BlackElo "2160"]
[PlyCount "97"]
[EventDate "1998.??.??"]
[EventType "swiss"]
[EventRounds "7"]
[EventCountry "DEN"]
[SourceTitle "EXT 2000"]
[Source "ChessBase"]
[SourceDate "1999.11.16"]
[SourceVersion "1"]
[SourceVersionDate "1999.11.16"]
[SourceQuality "1"]

1. d4 d5 2. c4 c6 3. Nc3 Nf6 4. e3 g6 5. Nf3 Bg7 6. Bd3 0-0 7. 0-0 Nbd7 8. cxd5 cxd5 9. b3 b6 10. a4 Bb7 11. Ba3 Rc8 12. Rc1 Ne4 13. Ne2 Re8 14. Ng3 e6 15. Qe2 Bf8 16. Rxc8 Qxc8 17. Rc1 Qa8 18. Bxf8 Nxf8 19. Rc7 Nxg3 20. hxg3 Rc8 21. Qc2 f6 22. Kf1 Qb8 23. Rxc8 Qxc8 24. Qxc8 Bxc8 25. Ke2 Kf7 26. Kd2 Ke7 27. Kc3 Kd6 28. Nd2 e5 29. b4 g5 30. a5 h6 31. Nb1 Ne6 32. Bf5 Ba6 33. Na3 Nc7 34. Bd3 Bxd3 35. Kxd3 e4+ 36. Kc3 Kc6 37. Kb3 Nb5 38. axb6 axb6 39. Nxb5 Kxb5 40. g4 Ka6 41. f3 exf3 42. gxf3 Kb5 43. e4 Kc6 44. Ka4 Kd6 45. Kb5 dxe4 46. fxe4 f5 47. exf5 h5 48. gxh5 g4 49. h6 1-0

[Event "DEN-chT 9596"]
[Site "Denmark"]
[Date "1996.??.??"]
[Round "7"]
[White "Husted, Peter"]
[Black "Hansen, Evgenia"]
[Result "1-0"]
[WhiteElo "2190"]
[BlackElo "2180"]
[PlyCount "101"]
[EventDate "1995.??.??"]
[EventType "team"]
[EventRounds "7"]
[EventCountry "DEN"]
[SourceTitle "EXT 2000"]
[Source "ChessBase"]
[SourceDate "1999.11.16"]
[SourceVersion "1"]
[SourceVersionDate "1999.11.16"]
[SourceQuality "1"]

1. e4 c5 2. Nf3 Nc6 3. d4 cxd4 4. Nxd4 Nf6 5. Nc3 e5 6. Ndb5 d6 7. Bg5 a6 8. Na3 b5 9. Nd5 Be7 10. Bxf6 Bxf6 11. c3 Ne7 12. Nxf6+ gxf6 13. Nc2 f5 14. exf5 Bxf5 15. a4 0-0 16. Bd3 Bg6 17. 0-0 f5 18. axb5 d5 19. f4 e4 20. Be2 axb5 21. Bxb5 Rb8 22. Nd4 Rf6 23. b4 Bf7 24. Qd2 Qc7 25. Ra3 Ng6 26. g3 Nf8 27. Rfa1 Rc8 28. Be2 Be8 29. Rb3 Bd7 30. Ra5 Rd6 31. Rba3 Qd8 32. Qe3 Ng6 33. Bd1 Ne7 34. Bb3 Qe8 35. Bd1 Kh8 36. Ra6 Rxa6 37. Rxa6 Bb5 38. Nxb5 Qxb5 39. Be2 Qe8 40. Qd4+ Kg8 41. Qe5 Qd7 42. Qf6 Qc7 43. Kg2 Rf8 44. Qd4 Rc8 45. Ra3 Qd6 46. Ra7 Rf8 47. Ra6 Qb8 48. h4 Rc8 49. h5 Rf8 50. h6 Rf7 51. Bh5 1-0

[Event "DEN-chT 9596"]
[Site "Denmark"]
[Date "1996.??.??"]
[Round "5"]
[White "Rewitz, Poul"]
[Black "Husted, Peter"]
[Result "1-0"]
[WhiteElo "2325"]
[BlackElo "2190"]
[PlyCount "159"]
[EventDate "1995.??.??"]
[EventType "team"]
[EventRounds "7"]
[EventCountry "DEN"]
[SourceTitle "EXT 2000"]
[Source "ChessBase"]
[SourceDate "1999.11.16"]
[SourceVersion "1"]
[SourceVersionDate "1999.11.16"]
[SourceQuality "1"]

1. e4 c5 2. b3 d6 3. Bb2 Nf6 4. Nc3 Nc6 5. Nge2 e5 6. Ng3 Be6 7. Bc4 d5 8. exd5 Nxd5 9. Nxd5 Bxd5 10. 0-0 Bxc4 11. bxc4 Qd7 12. f4 f6 13. fxe5 fxe5 14. Qh5+ g6 15. Qh4 Be7 16. Qe4 0-0-0 17. Bc3 Rhf8 18. Rxf8 Bxf8 19. Rf1 Be7 20. Rf7 Rf8 21. Rxh7 Qe6 22. Qe2 a6 23. Ne4 Kb8 24. Rh3 Rf4 25. d3 Nd4 26. Bxd4 exd4 27. Rh8+ Rf8 28. Rxf8+ Bxf8 29. Qf3 Bh6 30. Qf6 Be3+ 31. Kf1 Qg4 32. Qf8+ Ka7 33. Qxc5+ Ka8 34. Qf8+ Ka7 35. Qf3 Qe6 36. Qf6 Qg4 37. Qf3 Qe6 38. Nc5 Qb6 39. Nb3 a5 40. a4 Qb4 41. h4 Qc3 42. Qd1 Qb4 43. Qe1 Qf8+ 44. Ke2 Kb8 45. Qg3+ Ka8 46. Qf3 Qa3 47. Qd5 Qb2 48. Qd8+ Ka7 49. Qxa5+ Kb8 50. Qd8+ Ka7 51. Qa5+ Kb8 52. Nd2 Qxc2 53. Qd8+ Ka7 54. Qa5+ Kb8 55. Qb4 Qc1 56. a5 Ka8 57. Qf8+ Ka7 58. Qc5+ Ka8 59. Qb4 Qh1 60. Qf8+ Ka7 61. Qc5+ Ka8 62. Qf8+ Ka7 63. Qf1 Qxh4 64. Ne4 Qh5+ 65. Qf3 Qxa5 66. Qf1 Qh5+ 67. Qf3 Qa5 68. Qf8 Qh5+ 69. Ke1 Qh1+ 70. Qf1 Qh5 71. c5 Qg4 72. g3 Qe6 73. Qe2 g5 74. Qb2 g4 75. Kd1 Qa6 76. Qb1 Qh6 77. Kc2 Qa6 78. Nd6 Qa4+ 79. Qb3 Qc6 80. Nb5+ 1-0